000 00258nam a2200097 a 4500
005 20200930075932.0
008 120131s1889 000 spa d
245 3 _aLa enseƱanza de la historia en las escuelas.
260 _aBarcelona,
_c1889.
999 _c36276
_d36276
040 _aDO-SdBNP